[Event "Thüringenliga 2024/25"]
[Site "?"]
[Date "2025.03.30"]
[Round "7.6"]
[White "Hanmuradov, Ülwi"]
[Black "Darr, Sascha"]
[Result "0-1"]
[WhiteElo "1695"]
[BlackElo "2076"]
[PlyCount "58"]
[EventDate "2024.09.15"]
[EventType "team-tourn"]
[EventRounds "9"]
[WhiteTeam "ESV Gera"]
[BlackTeam "fuß brothers Jena"]

{[%evp 0,58,20,17,27,13,37,32,32,28,23,40,37,53,44,32,64,64,64,56,72,41,49,35,23,26,47,26,36,26,111,123,123,123,147,143,151,99,128,141,146,139,132,130,133,67,112,19,-50,-47,-70,-92,-131,-266,-318,-226,-286,-381,-380,-369,-391]} 1. d4 Nf6 2. c4 g6 3. Nc3 Bg7 4. e4 d6 5. Nf3 O-O 6. Be2 e5 7. O-O Nc6 8. d5 Ne7 9. Ne1 Nd7 10. Be3 f5 11. f3 f4 12. Bf2 h5 13. Rc1 g5 14. c5 Nf6 15. cxd6 cxd6 16. Nb5 Ne8 17. Nxa7 Bd7 18. Nb5 Ng6 19. a4 Rf7 20. b4 Bf8 21. a5 g4 22. g3 Qg5 23. fxg4 hxg4 24. Rc2 Rh7 25. Bd3 Qh6 26. Bb6 fxg3 27. Qd2 Nf4 28. Be3 Qxh2+ 29. Qxh2 gxh2+ 0-1

[Event "Thüringenliga 2024/25"]
[Site "?"]
[Date "2025.03.30"]
[Round "7.7"]
[White "Simmank, Robert"]
[Black "Hilbig, Dieter"]
[Result "0-1"]
[WhiteElo "1693"]
[BlackElo "1820"]
[PlyCount "108"]
[EventDate "2024.09.15"]
[EventType "team-tourn"]
[EventRounds "9"]
[WhiteTeam "fuß brothers Jena"]
[BlackTeam "ESV Gera"]

{[%evp 0,108,20,11,53,45,23,-15,30,15,44,27,35,13,15,15,52,-4,-8,-32,-23,-22,-17,-23,-16,-23,-37,-16,-27,-55,-10,11,0,-6,50,49,133,129,141,121,211,62,96,11,5,12,7,4,4,7,9,1,2,-5,-10,-8,-6,-11,-7,-18,28,0,21,48,58,-21,-6,-48,-42,-104,-108,-112,-112,-188,-130,-140,-130,-137,-137,-184,-184,-159,50,57,127,57,68,0,0,0,26,-26,0,0,26,0,0,0,0,-128,-128,-128,-101,-488,-734,-444,-962,-1225,-992,-2384,-1352]} 1. e4 c5 2. d4 cxd4 3. c3 dxc3 4. Nxc3 a6 5. Bc4 Nc6 6. Nf3 e6 7. O-O Bc5 8. Qe2 Nge7 9. Rd1 O-O 10. Bf4 b5 11. Bb3 Qb6 12. Rac1 Nd4 13. Nxd4 Bxd4 14. Bc7 Bxf2+ 15. Qxf2 Qxc7 16. Nxb5 Qe5 17. Nd6 f5 18. Rc5 Qf6 19. exf5 g6 20. Rf1 gxf5 21. Nxf5 Nxf5 22. Rxf5 Qxf5 23. Qxf5 Rxf5 24. Rxf5 Bb7 25. Rc5 Rc8 26. Rxc8+ Bxc8 27. Kf2 Kf7 28. Ke3 Kf6 29. Bc2 h5 30. b4 e5 31. Be4 Ke6 32. Ba8 d5 33. Bc6 Kd6 34. b5 d4+ 35. Kd3 Bf5+ 36. Kc4 axb5+ 37. Bxb5 Be6+ 38. Kd3 Bxa2 39. Be8 Bb1+ 40. Kc4 d3 41. Bxh5 Bc2 42. Kc3 e4 43. Bg6 Ke5 44. g3 Bd1 45. Bh7 Bf3 46. Bg8 Kf5 47. Bf7 Be2 48. Kd2 Kg4 49. Be6+ Kf3 50. Bd5 Bf1 51. Ke1 Bg2 52. Kd2 Kf2 53. Kd1 e3 54. Bc4 e2+ 0-1

[Event "Thüringenliga 2024/25"]
[Site "?"]
[Date "2025.03.30"]
[Round "7.8"]
[White "Barz, Henrik"]
[Black "Tittmann, Julian"]
[Result "1-0"]
[WhiteElo "1847"]
[BlackElo "1662"]
[PlyCount "77"]
[EventDate "2024.09.15"]
[EventType "team-tourn"]
[EventRounds "9"]
[WhiteTeam "ESV Gera"]
[BlackTeam "fuß brothers Jena"]

{[%evp 0,77,20,11,60,28,34,35,41,22,32,32,31,27,15,15,18,18,25,-6,56,1,47,-13,4,4,-2,7,64,-19,2,-93,-91,-84,-92,-90,-89,-119,-89,-84,-87,-105,-92,-99,-85,-85,-77,-99,-98,-84,-82,-107,-81,-92,-70,-71,-63,-80,-72,-72,2,-106,-25,-28,455,447,448,448,597,558,637,662,758,585,616,595,875,891,29987,29988]} 1. e4 e6 2. d4 d5 3. Nc3 Nf6 4. Bg5 dxe4 5. Nxe4 Be7 6. Nxf6+ Bxf6 7. Bxf6 Qxf6 8. Nf3 O-O 9. Bd3 Rd8 10. Qe2 c5 11. c3 cxd4 12. Nxd4 e5 13. Nf3 Bf5 14. Be4 Nc6 15. Bxc6 Qxc6 16. O-O Bd3 17. Qxe5 Bxf1 18. Rxf1 Re8 19. Qf5 Qe4 20. Qb5 Rad8 21. h3 Qe2 22. Qb3 Qe6 23. Qa4 Qb6 24. Qc2 Qa6 25. Qb3 h6 26. Nd4 Rd6 27. a3 Rg6 28. Qc2 Qf6 29. Qa4 Re5 30. f4 Re4 31. Qxa7 Rxf4 32. Qb8+ Kh7 33. Qxf4 Qb6 34. Rf2 Rd6 35. Qe4+ Rg6 36. Qf5 Qc7 37. Qxf7 Qg3 38. Ne6 Qe3 39. Nf8+ 1-0

[Event "Thüringenliga 2024/25"]
[Site "?"]
[Date "2025.03.30"]
[Round "7.1"]
[White "Kölsch, Maximilian"]
[Black "Franke, Luca"]
[Result "1-0"]
[WhiteElo "2140"]
[BlackElo "2035"]
[PlyCount "51"]
[EventDate "2024.09.15"]
[EventType "team-tourn"]
[EventRounds "9"]
[WhiteTeam "SV Schott Jena"]
[BlackTeam "SV 1861 Liebschwitz"]

{[%evp 0,51,20,-34,-17,-33,18,3,6,1,-2,1,14,33,33,49,38,15,44,6,19,-43,4,0,-7,2,18,-32,42,59,53,54,59,43,47,26,16,34,63,138,173,172,212,164,200,171,171,93,220,220,443,468,479,479]} 1. g3 Nf6 2. c4 g6 3. Bg2 Bg7 4. Nc3 O-O 5. d4 c6 6. e4 d6 7. Nge2 e5 8. O-O Re8 9. h3 Nbd7 10. Kh2 a6 11. d5 cxd5 12. cxd5 b5 13. Be3 Nc5 14. b4 Ncd7 15. a4 bxa4 16. Nxa4 Bb7 17. Nc1 Rc8 18. Nb3 Qe7 19. Na5 Ba8 20. Qe2 Nh5 21. Rfc1 f5 22. exf5 e4 23. Nc6 Bxc6 24. dxc6 Rxc6 25. Rxc6 Bxa1 26. Qa2+ 1-0

[Event "Thüringenliga 2024/25"]
[Site "?"]
[Date "2025.03.30"]
[Round "7.2"]
[White "Hermannsdörfer, Frank"]
[Black "Junge, Mattheo Gabriel"]
[Result "1/2-1/2"]
[WhiteElo "2091"]
[BlackElo "1874"]
[PlyCount "78"]
[EventDate "2024.09.15"]
[EventType "team-tourn"]
[EventRounds "9"]
[WhiteTeam "SV 1861 Liebschwitz"]
[BlackTeam "SV Schott Jena"]

{[%evp 0,78,20,-25,-12,6,25,-34,-14,-17,-15,-20,-4,6,0,-3,8,-19,4,4,12,19,12,4,23,7,34,14,51,35,33,12,12,10,7,5,3,3,24,-12,8,-31,-57,-58,-82,-65,-68,-56,-66,-71,-71,-71,3,-97,-88,-79,-65,-66,-61,-65,-60,-65,-60,-61,-53,-63,-66,-63,-59,-57,-63,-71,-64,-76,-72,-81,-57,-72,-83,-83,-81]} 1. b3 Nf6 2. Bb2 g6 3. g3 Bg7 4. Bg2 O-O 5. Nf3 d6 6. d4 c5 7. O-O Nc6 8. e3 cxd4 9. Nxd4 Nxd4 10. exd4 d5 11. Re1 Be6 12. Qe2 Qc7 13. c3 a5 14. a4 Qb6 15. Qb5 Qxb5 16. axb5 b6 17. Nd2 Rac8 18. Rac1 Rc7 19. Nf1 Bh6 20. Rcd1 Bf5 21. Ne3 Bxe3 22. Rxe3 Bc2 23. Rde1 e6 24. b4 axb4 25. cxb4 Rc4 26. Rc3 Rfc8 27. Ree3 Rxc3 28. Rxc3 Rxc3 29. Bxc3 Ba4 30. Bd2 Bxb5 31. Bf4 Bc4 32. Bc7 b5 33. Bd6 Nd7 34. f4 Nb6 35. Kf2 Bd3 36. Bh3 Nc4 37. Be7 Na3 38. Bc5 Nc4 39. Bg4 h5 1/2-1/2

[Event "Thüringenliga 2024/25"]
[Site "?"]
[Date "2025.03.30"]
[Round "7.3"]
[White "Schlick, Stefan"]
[Black "Kitzig, Tobias"]
[Result "0-1"]
[WhiteElo "2021"]
[BlackElo "1868"]
[PlyCount "38"]
[EventDate "2024.09.15"]
[EventType "team-tourn"]
[EventRounds "9"]
[WhiteTeam "SV Schott Jena"]
[BlackTeam "SV 1861 Liebschwitz"]

{[%evp 0,38,20,26,27,22,15,13,11,-30,17,20,59,22,27,17,32,28,61,45,48,70,30,25,83,-47,20,29,29,-23,0,-58,-39,-60,-62,-98,-45,-132,-60,-44,-67]} 1. d4 Nf6 2. c4 e5 3. dxe5 Ng4 4. Bf4 g5 5. Bg3 Bg7 6. Nf3 Nc6 7. h4 Ngxe5 8. hxg5 Nxf3+ 9. gxf3 Bxb2 10. Nd2 Qxg5 11. Bxc7 Nb4 12. Qb3 Nc2+ 13. Qxc2 Bxa1 14. Qe4+ Qe7 15. Rxh7 Qxe4 16. Rxh8+ Bxh8 17. fxe4 Bc3 18. Kd1 Bxd2 19. Kxd2 b6 0-1

[Event "Thüringenliga 2024/25"]
[Site "?"]
[Date "2025.03.30"]
[Round "7.4"]
[White "Zeidler, Andreas"]
[Black "Abou Wally, Adrian"]
[Result "1/2-1/2"]
[WhiteElo "1996"]
[BlackElo "1983"]
[PlyCount "67"]
[EventDate "2024.09.15"]
[EventType "team-tourn"]
[EventRounds "9"]
[WhiteTeam "SV 1861 Liebschwitz"]
[BlackTeam "SV Schott Jena"]

{[%evp 0,67,20,26,27,22,32,21,14,14,16,-2,6,15,6,-26,43,3,33,27,27,32,34,-22,-6,-8,-14,-13,23,-20,31,-18,0,0,0,-31,32,30,14,11,9,-13,35,14,17,-1,-13,-3,-24,-24,-14,-44,-24,-35,-27,-46,-43,-46,-53,-60,-24,-40,-60,-50,-46,-45,-39,-58,-42,-51]} 1. d4 Nf6 2. c4 g6 3. g3 c6 4. Nc3 d5 5. cxd5 cxd5 6. Bg2 Bg7 7. Qb3 e6 8. Qa3 Nc6 9. Nf3 Qe7 10. Qxe7+ Nxe7 11. Nb5 O-O 12. Nc7 Rb8 13. Bf4 Nc6 14. Rc1 Nh5 15. Be3 Bd7 16. Nb5 a6 17. Nc3 Na5 18. g4 Nf6 19. Ne5 Rfd8 20. g5 Ne8 21. Bf4 Rbc8 22. O-O Nc4 23. Nxd7 Rxd7 24. Na4 Bxd4 25. e3 Ba7 26. b3 Ncd6 27. Rxc8 Nxc8 28. Rc1 Ncd6 29. Be5 Kf8 30. Bf1 Rd8 31. Bd3 Rc8 32. Rxc8 Nxc8 33. Kf1 Ned6 34. Ke2 1/2-1/2

[Event "Thüringenliga 2024/25"]
[Site "?"]
[Date "2025.03.30"]
[Round "7.5"]
[White "Babrikowski, Peter"]
[Black "Biel, Maik"]
[Result "1-0"]
[WhiteElo "2031"]
[BlackElo "1959"]
[PlyCount "61"]
[EventDate "2024.09.15"]
[EventType "team-tourn"]
[EventRounds "9"]
[WhiteTeam "SV Schott Jena"]
[BlackTeam "SV 1861 Liebschwitz"]

{[%evp 0,61,20,11,53,53,50,18,33,33,20,18,24,-10,-3,-20,-2,-16,92,59,73,-7,36,1,9,-8,25,25,2,11,35,10,23,28,13,-31,25,34,180,189,98,95,83,74,65,58,63,58,73,50,58,65,21,6,108,61,394,140,453,570,838,1197,29983,29986]} 1. e4 c5 2. Nf3 e6 3. c3 Nf6 4. e5 Nd5 5. d4 cxd4 6. Qxd4 Nc6 7. Qe4 Qc7 8. Bc4 Nde7 9. Bf4 Ng6 10. Nbd2 a6 11. Rd1 b5 12. Bb3 Bb7 13. Bg3 Rd8 14. O-O Na5 15. Qe2 Nxb3 16. axb3 d6 17. Ne4 Bxe4 18. Qxe4 Be7 19. exd6 Bxd6 20. Bxd6 Rxd6 21. Rxd6 Qxd6 22. Qa8+ Ke7 23. Qa7+ Kf6 24. Ra1 Rd8 25. g3 Qd3 26. Kg2 Qc2 27. Qe3 Rd5 28. Rxa6 Qxb2 29. Nd4 Ne5 30. Qf4+ Ke7 31. Qg5+ 1-0

[Event "Thüringenliga 2024/25"]
[Site "?"]
[Date "2025.03.30"]
[Round "7.6"]
[White "Kastner, Peter"]
[Black "Jung, Florian"]
[Result "1/2-1/2"]
[WhiteElo "1954"]
[BlackElo "1960"]
[PlyCount "37"]
[EventDate "2024.09.15"]
[EventType "team-tourn"]
[EventRounds "9"]
[WhiteTeam "SV 1861 Liebschwitz"]
[BlackTeam "SV Schott Jena"]

{[%evp 0,37,20,-10,11,10,24,5,3,-9,-9,-9,-10,-10,2,-37,-37,-34,-15,-34,-29,-12,-27,-12,-12,-43,-22,-22,-23,-31,-25,-21,6,-9,-18,-36,0,-44,9,9]} 1. c4 Nf6 2. Nf3 c6 3. g3 d5 4. cxd5 cxd5 5. d4 Nc6 6. Bg2 Qb6 7. h3 Bf5 8. Nc3 h6 9. O-O e6 10. Na4 Qb5 11. Nc3 Qb6 12. b3 a6 13. Bb2 Be7 14. Rc1 O-O 15. Na4 Qa7 16. Nc5 Rac8 17. Nd3 Ne4 18. Nde5 Rfd8 19. Nxc6 1/2-1/2

[Event "Thüringenliga 2024/25"]
[Site "?"]
[Date "2025.03.30"]
[Round "7.7"]
[White "Vieweg, Klaus"]
[Black "Meissner, Steffen"]
[Result "1/2-1/2"]
[WhiteElo "1936"]
[BlackElo "1784"]
[PlyCount "40"]
[EventDate "2024.09.15"]
[EventType "team-tourn"]
[EventRounds "9"]
[WhiteTeam "SV Schott Jena"]
[BlackTeam "SV 1861 Liebschwitz"]

{[%evp 0,40,20,14,78,29,23,23,76,37,54,64,37,45,32,41,34,32,32,3,35,7,27,54,100,132,125,73,67,89,89,70,100,95,135,115,108,107,127,85,113,108,113]} 1. Nf3 g6 2. g3 Bg7 3. d4 c5 4. Bg2 d6 5. O-O cxd4 6. Nxd4 Nf6 7. c4 O-O 8. Nc3 Nbd7 9. h3 Re8 10. e4 Nc5 11. Be3 e5 12. Ndb5 Bf8 13. Bg5 Ne6 14. Bxf6 Qxf6 15. Nxd6 Rd8 16. Nd5 Qg5 17. h4 Qh6 18. Nxc8 Raxc8 19. Rc1 Qg7 20. Bh3 Rc6 1/2-1/2

[Event "Thüringenliga 2024/25"]
[Site "?"]
[Date "2025.03.30"]
[Round "7.8"]
[White "Müller, Gunther"]
[Black "Brömel, Richard"]
[Result "1/2-1/2"]
[WhiteElo "1724"]
[BlackElo "2001"]
[PlyCount "27"]
[EventDate "2024.09.15"]
[EventType "team-tourn"]
[EventRounds "9"]
[WhiteTeam "SV 1861 Liebschwitz"]
[BlackTeam "SV Schott Jena"]

{[%evp 0,27,20,-10,26,24,24,25,23,11,38,22,37,37,26,28,45,50,56,48,54,52,54,56,58,62,77,56,56,49]} 1. c4 c6 2. d4 d5 3. cxd5 cxd5 4. Nc3 Nf6 5. Nf3 a6 6. Bf4 e6 7. e3 Be7 8. Bd3 O-O 9. h3 Nc6 10. Rc1 Bd7 11. O-O b5 12. Ne5 Nxe5 13. Bxe5 Qa5 14. a3 1/2-1/2

[Event "Thüringenliga 2024/25"]
[Site "?"]
[Date "2025.03.30"]
[Round "7.1"]
[White "Bock, Marlon"]
[Black "Vetter, Udo"]
[Result "1-0"]
[WhiteElo "2068"]
[BlackElo "1519"]
[PlyCount "47"]
[EventDate "2024.09.15"]
[EventType "team-tourn"]
[EventRounds "9"]
[WhiteTeam "SSV Vimaria 91 Weimar"]
[BlackTeam "ESV Lok Sömmerda"]

1. d4 Nf6 2. c4 e6 3. Nc3 d5 4. cxd5 exd5 5. Bg5 c6 6. e3 Bf5 7. Qf3 Bg6 8. Bxf6 gxf6 9. h4 h5 10. Nh3 Bd6 11. Nf4 Bxf4 12. Qxf4 Qe7 13. g3 f5 14. Bh3 Qe6 15. O-O Nd7 16. e4 dxe4 17. Nxe4 O-O 18. Nd6 Rab8 19. Nxf5 Bxf5 20. Bxf5 Qe7 21. Rae1 Qd8 22. Qh6 Nf6 23. Re5 Qd6 24. Bh7+ 1-0

[Event "Thüringenliga 2024/25"]
[Site "?"]
[Date "2025.03.30"]
[Round "7.2"]
[White "Koksch, Robert"]
[Black "Philipp, Mathias"]
[Result "0-1"]
[WhiteElo "1941"]
[BlackElo "2208"]
[PlyCount "108"]
[EventDate "2024.09.15"]
[EventType "team-tourn"]
[EventRounds "9"]
[WhiteTeam "ESV Lok Sömmerda"]
[BlackTeam "SSV Vimaria 91 Weimar"]

1. d4 Nf6 2. c4 e6 3. Nc3 Bb4 4. Bg5 h6 5. Bxf6 Bxc3+ 6. bxc3 Qxf6 7. e4 d6 8. Qf3 Qe7 9. Bd3 e5 10. Ne2 Nc6 11. O-O h5 12. Qe3 g5 13. h4 f6 14. Rab1 Na5 15. Rb5 b6 16. c5 dxc5 17. hxg5 fxg5 18. dxe5 Nc6 19. f4 Bd7 20. Rb2 O-O-O 21. a4 gxf4 22. Nxf4 Nxe5 23. Ba6+ Kb8 24. Nd5 Ng4 25. Qf4 Qe5 26. a5 c6 27. axb6 cxd5 28. bxa7+ Kc7 29. Rb7+ Kd6 30. Rb6+ Bc6 31. exd5 Qxf4 32. Rxf4 Kxd5 33. g3 Ne5 34. c4+ Kd6 35. Rf5 Kc7 36. Rb1 Nf3+ 37. Kf2 Rhf8 38. Rxf8 Rxf8 39. Ke3 Ne5 40. Bb5 Bb7 41. Ra1 Kb6 42. a8=Q Bxa8 43. Ra6+ Kc7 44. Re6 Ng4+ 45. Ke2 Bf3+ 46. Kd2 Rd8+ 47. Kc3 Rd6 48. Re7+ Kb6 49. Be8 Nf2 50. Rg7 Ne4+ 51. Kc2 Rd2+ 52. Kc1 Rg2 53. Rg6+ Ka5 54. Bc6 Kb4 0-1

[Event "Thüringenliga 2024/25"]
[Site "?"]
[Date "2025.03.30"]
[Round "7.3"]
[White "Aepfler, Christian"]
[Black "Kalisch, Michael"]
[Result "1/2-1/2"]
[WhiteElo "2072"]
[BlackElo "2084"]
[PlyCount "161"]
[EventDate "2024.09.15"]
[EventType "team-tourn"]
[EventRounds "9"]
[WhiteTeam "SSV Vimaria 91 Weimar"]
[BlackTeam "ESV Lok Sömmerda"]

1. e4 c6 2. Nc3 d5 3. Nf3 dxe4 4. Nxe4 Nf6 5. Qe2 Bf5 6. d3 e6 7. Ng3 Bg6 8. Bd2 Nbd7 9. O-O-O Qb6 10. Be3 Qa5 11. Kb1 O-O-O 12. Qe1 Bb4 13. Bd2 Bxd2 14. Nxd2 Nb6 15. Nb3 Qd5 16. f3 h5 17. Ne2 e5 18. Nc3 Qe6 19. h4 Rhe8 20. g3 Bf5 21. Qe3 Nfd5 22. Nxd5 Qxd5 23. Be2 f6 24. g4 Bg6 25. Rhg1 Rd7 26. Rg3 hxg4 27. Rxg4 Bf5 28. Rg3 Rh8 29. Rh1 g5 30. a4 Kb8 31. a5 Nc8 32. Rgg1 Rdh7 33. Qc1 Rxh4 34. Rxh4 Rxh4 35. Rh1 Ne7 36. Qe1 Ng6 37. Rg1 Qd6 38. Qc3 Nf4 39. Bd1 Nd5 40. Qd2 Qb4 41. Qf2 Nf4 42. Qe3 Be6 43. d4 Bxb3 44. dxe5 Be6 45. exf6 Qxa5 46. b3 Qf5 47. Qd2 Qxf6 48. Qd6+ Kc8 49. Qc5 Qf5 50. Qxa7 Bxb3 51. Re1 Be6 52. Kc1 Qd5 53. Re4 Qa2 54. Ra4 Qd5 55. Rd4 Nd3+ 56. Rxd3 Qa2 57. Ra3 Qc4 58. Qa8+ Kc7 59. Qa5+ Kc8 60. Qxg5 Qf4+ 61. Qxf4 Rxf4 62. Kd2 Kc7 63. Ke3 Rh4 64. Be2 b5 65. Ra1 Kd6 66. Rg1 Ke5 67. Rg5+ Kd6 68. Rg1 Ke5 69. Rg5+ Kd6 70. c3 Bd5 71. Rg4 Rh3 72. Rf4 Ke5 73. Rf8 Rg3 74. Bd3 Rh3 75. Be2 Rg3 76. Rh8 Kf5 77. Rh6 Ke5 78. Kf2 Rg7 79. Ke3 Rg3 80. Kf2 Rg7 81. Ke3 1/2-1/2

[Event "Thüringenliga 2024/25"]
[Site "?"]
[Date "2025.03.30"]
[Round "7.4"]
[White "Kühn, Martin"]
[Black "Philipp, Michael"]
[Result "0-1"]
[WhiteElo "2092"]
[BlackElo "2033"]
[PlyCount "94"]
[EventDate "2024.09.15"]
[EventType "team-tourn"]
[EventRounds "9"]
[WhiteTeam "ESV Lok Sömmerda"]
[BlackTeam "SSV Vimaria 91 Weimar"]

1. d4 f5 2. Nc3 Nf6 3. Bg5 e6 4. e4 fxe4 5. Nxe4 Be7 6. Bxf6 Bxf6 7. f4 O-O 8. Nf3 b6 9. Bd3 Bb7 10. c3 Nc6 11. Qc2 g6 12. O-O-O Bg7 13. g3 Ne7 14. h4 Nf5 15. Rdg1 c5 16. dxc5 bxc5 17. h5 Qb6 18. hxg6 h6 19. Ne5 Bxe5 20. fxe5 c4 21. g7 Kxg7 22. g4 Qe3+ 23. Qd2 Qxd2+ 24. Kxd2 Ne7 25. Bc2 Rf4 26. g5 Bxe4 27. gxh6+ Kh8 28. Bxe4 Rxe4 29. Rg7 Re8 30. Rh5 Nf5 31. Rxd7 Rxe5 32. b3 cxb3 33. axb3 a5 34. Kd3 Re3+ 35. Kd2 Rg3 36. b4 a4 37. b5 a3 38. b6 a2 39. Rh1 Rg2+ 40. Kd3 Rb2 41. Ra1 e5 42. Ke4 Ng3+ 43. Kf3 e4+ 44. Kxg3 e3 45. Ra7 e2 46. Re1 Rb1 47. Kf2 Rf8+ 0-1

[Event "Thüringenliga 2024/25"]
[Site "?"]
[Date "2025.03.30"]
[Round "7.4"]
[White "Riedel, Finn"]
[Black "Siegemund, Joachim"]
[Result "1-0"]
[WhiteElo "1994"]
[BlackElo "1919"]
[PlyCount "105"]
[EventDate "2024.09.15"]
[EventType "team-tourn"]
[EventRounds "9"]
[WhiteTeam "SSV Vimaria 91 Weimar"]
[BlackTeam "ESV Lok Sömmerda"]

1. e4 e6 2. c4 d5 3. cxd5 exd5 4. exd5 Qxd5 5. Nc3 Qe6+ 6. Be2 Nf6 7. Nf3 Bd6 8. O-O O-O 9. Re1 c6 10. d4 Bc7 11. Bg5 Nbd7 12. Bd3 Qd6 13. Qc2 h6 14. Bh4 Nb6 15. Ne4 Nxe4 16. Bxe4 Nd5 17. Bg3 Nf4 18. Ne5 Qf6 19. Qd2 Nd5 20. Rac1 Bd6 21. a3 Bf5 22. Qd3 Bxe4 23. Rxe4 Bxe5 24. Bxe5 Qf5 25. h3 Qg6 26. Rg4 Qxd3 27. Rxg7+ Kh8 28. Rxf7+ Kg8 29. Rg7+ Kh8 30. Rg3+ Kh7 31. Rxd3 Kg6 32. Rg3+ Kf5 33. Re1 Rf7 34. Bg7 Re7 35. Rxe7 Nxe7 36. Bxh6 Nd5 37. f3 b5 38. Rg5+ Kf6 39. Re5 a5 40. Bg5+ Kf7 41. h4 b4 42. a4 b3 43. h5 Rb8 44. Bd2 Kf6 45. g4 Nb4 46. Bg5+ Kf7 47. Re7+ Kg8 48. Ra7 Nd3 49. Bf6 Rf8 50. g5 Nxb2 51. h6 Rxf6 52. gxf6 Nd3 53. Rg7+ 1-0

[Event "Thüringenliga 2024/25"]
[Site "?"]
[Date "2025.04.09"]
[Round "7.6"]
[White "Bachmann, Nick"]
[Black "Homberger, Jan"]
[Result "1-0"]
[WhiteElo "1881"]
[BlackElo "1908"]
[PlyCount "75"]
[EventDate "2024.09.15"]
[EventType "team-tourn"]
[EventRounds "9"]
[WhiteTeam "ESV Lok Sömmerda"]
[BlackTeam "SSV Vimaria 91 Weimar"]

{[%evp 0,68,20,11,25,37,41,4,18,-14,-47,-32,-5,0,16,16,22,15,28,-8,55,65,63,69,79,65,78,78,117,86,82,38,26,19,42,-134,14,-24,61,66,66,-56,-24,-24,-43,-60,-58,-56,-48,-60,-61,-61,-46,-43,-6,-53,-43,-58,-59,-48,-51,-58,-41,-53,-23,-53,-57,-77,-84,-84,-63]} 1. e4 e5 2. Nc3 Nf6 3. f4 d5 4. fxe5 Nxe4 5. Nf3 Bg4 6. d3 Nxc3 7. bxc3 Be7 8. Be2 Nc6 9. d4 Bxf3 10. Bxf3 Bh4+ 11. g3 Bg5 12. O-O Bxc1 13. Qxc1 Na5 14. Qf4 O-O 15. Bh5 Qe7 16. Rae1 c6 17. Qg4 Nc4 18. e6 f6 19. Bf7+ Kh8 20. Re2 Nd6 21. Rfe1 Rab8 22. Qh3 Nxf7 23. exf7 Qxf7 24. Re7 Qg6 25. Qd7 h5 26. R1e2 Qg4 27. Qc7 h4 28. Kg2 h3+ 29. Kg1 Rfc8 30. Qd6 Rd8 31. Qc7 Rdc8 32. Qd6 a5 33. Qa3 b6 34. Qc1 b5 35. Rf2 Kg8 36. Qe1 Kf8 37. Rf4 Re8 38. Rxe8+ 1-0

[Event "Thüringenliga 2024/25"]
[Site "?"]
[Date "2025.03.30"]
[Round "7.7"]
[White "Albrecht, Jürgen"]
[Black "Berlt, Norbert"]
[Result "1-0"]
[WhiteElo "1965"]
[BlackElo "1610"]
[PlyCount "47"]
[EventDate "2024.09.15"]
[EventType "team-tourn"]
[EventRounds "9"]
[WhiteTeam "SSV Vimaria 91 Weimar"]
[BlackTeam "ESV Lok Sömmerda"]

1. e4 e5 2. Nf3 Nc6 3. Bb5 Bc5 4. c3 d6 5. O-O Bd7 6. d4 Bb6 7. Re1 f6 8. Be3 Nce7 9. Bc4 Bg4 10. Nbd2 Qd7 11. Qb3 a6 12. h3 Bh5 13. dxe5 Bxe3 14. Rxe3 fxe5 15. Qxb7 Qc6 16. Qb3 Qb6 17. Qc2 h6 18. b4 Bf7 19. Bxf7+ Kxf7 20. Nc4 Qc6 21. Qb3 Ke8 22. Rd1 Nf6 23. Ncxe5 dxe5 24. Nxe5 1-0

[Event "Thüringenliga 2024/25"]
[Site "?"]
[Date "2025.03.30"]
[Round "7.8"]
[White "Weber, Jakob"]
[Black "Günther, Arthur"]
[Result "0-1"]
[WhiteElo "1564"]
[BlackElo "1859"]
[PlyCount "66"]
[EventDate "2024.09.15"]
[EventType "team-tourn"]
[EventRounds "9"]
[WhiteTeam "ESV Lok Sömmerda"]
[BlackTeam "SSV Vimaria 91 Weimar"]

1. d4 f5 2. Bf4 Nf6 3. Nf3 e6 4. e3 b6 5. c4 Bb4+ 6. Nc3 Bb7 7. a3 Bxc3+ 8. bxc3 O-O 9. Be2 d6 10. c5 Nd5 11. Bg5 Qe8 12. Qb3 dxc5 13. dxc5 Nd7 14. cxb6 Nc5 15. Qc2 cxb6 16. O-O Rc8 17. Nd4 Ne4 18. Bb5 Qg6 19. Bd7 Rxc3 20. Bxe6+ Kh8 21. Qa2 Nc7 22. Bxf5 Qxg5 23. f4 Qe7 24. Rac1 Rxc1 25. Rxc1 Nc5 26. Qf2 Re8 27. Re1 Be4 28. Bxe4 Qxe4 29. Qg3 N7e6 30. Nb5 Qd3 31. f5 Qxb5 32. fxe6 Qc6 33. e7 Qd7 0-1

[Event "Thüringenliga 2024/25"]
[Site "?"]
[Date "2025.03.30"]
[Round "7.1"]
[White "Zehnter, Sebastian"]
[Black "Carnot, Luca"]
[Result "1-0"]
[WhiteElo "2280"]
[BlackElo "2075"]
[PlyCount "97"]
[EventDate "2024.09.15"]
[EventType "team-tourn"]
[EventRounds "9"]
[WhiteTeam "Ilmenauer SV"]
[BlackTeam "TSG Apolda"]

{[%evp 0,97,26,26,27,27,27,10,5,11,10,-4,23,25,38,29,25,27,32,12,32,31,30,24,30,28,24,27,44,42,44,46,41,35,50,32,39,47,47,30,35,26,32,35,60,58,78,78,78,90,115,110,126,88,112,105,162,113,114,118,128,122,127,127,127,127,139,137,148,130,147,140,144,125,122,127,128,114,126,124,133,92,119,131,131,174,174,174,174,204,243,278,320,314,324,348,350,364,364,359]} 1. d4 Nf6 2. Nf3 d5 3. c4 e6 4. e3 a6 5. b3 b6 6. Bd3 Bb7 7. O-O Bd6 8. cxd5 exd5 9. Ba3 Qe7 10. Bxd6 Qxd6 11. Nc3 Nbd7 12. Rc1 O-O 13. Qe2 b5 14. Rfd1 Rac8 15. Qb2 Ne4 16. Ne2 Rce8 17. Qc2 c6 18. Nf4 f5 19. Bf1 g5 20. Nd3 g4 21. Nfe5 Nxe5 22. Nxe5 Rxe5 23. dxe5 Qxe5 24. Bd3 Ng5 25. Qc3 Qd6 26. Bb1 Rf6 27. Qd4 Rh6 28. Qf4 Qxf4 29. exf4 Ne4 30. f3 gxf3 31. gxf3 Nd6 32. Re1 Kf7 33. Re5 Re6 34. Rce1 Bc8 35. Kf2 Bd7 36. Rxe6 Bxe6 37. Rc1 Bd7 38. Ke3 Ke6 39. Kd4 Nb7 40. Re1+ Kf6 41. b4 a5 42. bxa5 Nxa5 43. Kc5 Nc4 44. Bd3 Nb2 45. Bf1 Be6 46. Kxc6 d4 47. Bxb5 d3 48. Rb1 d2 49. Be2 1-0

[Event "Thüringenliga 2024/25"]
[Site "?"]
[Date "2025.03.30"]
[Round "7.2"]
[White "Walther, Andi"]
[Black "Eichenauer, Pascal"]
[Result "0-1"]
[WhiteElo "2149"]
[BlackElo "2028"]
[PlyCount "76"]
[EventDate "2024.09.15"]
[EventType "team-tourn"]
[EventRounds "9"]
[WhiteTeam "TSG Apolda"]
[BlackTeam "Ilmenauer SV"]

{[%evp 0,76,26,26,26,27,27,5,23,8,6,11,11,3,6,-53,-33,-71,-61,70,68,68,65,65,65,-98,-98,-124,-93,-163,-177,-253,-113,-89,-137,-137,-116,-120,-98,-131,-139,-132,-153,-147,-169,-199,-199,-174,-174,-207,-188,-195,-166,-193,-223,-236,-222,-242,-228,-206,-244,-260,-186,-214,-189,-249,-249,-253,-247,-301,-201,-249,-209,-322,-333,-392,-520,-1041,-1118]} 1. d4 d5 2. Nf3 Nf6 3. c4 c6 4. Nc3 dxc4 5. e4 b5 6. e5 Nd5 7. Ng5 e6 8. Be2 Nd7 9. Bh5 g6 10. Qf3 f5 11. Nxe6 Nxe5 12. Qxd5 Nd3+ 13. Kf1 cxd5 14. Nxd8 gxh5 15. Bg5 Be7 16. Bxe7 Kxe7 17. Nc6+ Kd6 18. Ne5 Nxe5 19. dxe5+ Kc5 20. a4 b4 21. Nb5 d4 22. Ke2 c3 23. Rhd1 Ba6 24. Kd3 Rhe8 25. f4 Rg8 26. g3 h4 27. Rg1 hxg3 28. hxg3 Rg7 29. Kc2 Bxb5 30. axb5 Rag8 31. bxc3 bxc3 32. Rgb1 Rxg3 33. Rxa7 Rg2+ 34. Kb3 Rb8 35. Rc7+ Kd5 36. Rd7+ Ke4 37. Re1+ Kd3 38. Rd1+ Rd2 0-1